<?xml version="1.0" encoding="UTF-8"?><?xml-stylesheet type="text/xsl" href="static/style.xsl"?><OAI-PMH xmlns="http://www.openarchives.org/OAI/2.0/" xmlns:xsi="http://www.w3.org/2001/XMLSchema-instance" xsi:schemaLocation="http://www.openarchives.org/OAI/2.0/ http://www.openarchives.org/OAI/2.0/OAI-PMH.xsd"><responseDate>2026-04-14T04:21:00Z</responseDate><request verb="GetRecord" identifier="oai:www.recercat.cat:10459.1/467757" metadataPrefix="marc">https://recercat.cat/oai/request</request><GetRecord><record><header><identifier>oai:recercat.cat:10459.1/467757</identifier><datestamp>2025-09-15T18:59:36Z</datestamp><setSpec>com_2072_3622</setSpec><setSpec>col_2072_479130</setSpec></header><metadata><record xmlns="http://www.loc.gov/MARC21/slim" xmlns:dcterms="http://purl.org/dc/terms/" xmlns:xsi="http://www.w3.org/2001/XMLSchema-instance" xmlns:doc="http://www.lyncode.com/xoai" xsi:schemaLocation="http://www.loc.gov/MARC21/slim http://www.loc.gov/standards/marcxml/schema/MARC21slim.xsd">
   <leader>00925njm 22002777a 4500</leader>
   <datafield ind2=" " ind1=" " tag="042">
      <subfield code="a">dc</subfield>
   </datafield>
   <datafield ind2=" " ind1=" " tag="720">
      <subfield code="a">Mehraj, Nadiya</subfield>
      <subfield code="e">author</subfield>
   </datafield>
   <datafield ind2=" " ind1=" " tag="720">
      <subfield code="a">Mateu Piñol, Carles</subfield>
      <subfield code="e">author</subfield>
   </datafield>
   <datafield ind2=" " ind1=" " tag="720">
      <subfield code="a">Zsembinszki, Gabriel</subfield>
      <subfield code="e">author</subfield>
   </datafield>
   <datafield ind2=" " ind1=" " tag="720">
      <subfield code="a">Cabeza, Luisa F.</subfield>
      <subfield code="e">author</subfield>
   </datafield>
   <datafield ind2=" " ind1=" " tag="260">
      <subfield code="c">2025</subfield>
   </datafield>
   <datafield ind2=" " ind1=" " tag="520">
      <subfield code="a">Building upon an experimentally validated bio-inspired thermal energy storage (TES) tank design, this study introduced a novel computational framework that integrated genetic algorithms (GA) with biomimetic principles to systematically generate TES tank geometries. Inspired by natural thermal distribution patterns found in vascular networks, the AI-driven methodology explored 13 geometric parameters, focusing on branching structures and spatial distribution, and resulted in computationally generated designs with a 29% increase in heat transfer surface area while maintaining manufacturability constraints within a fixed tank diameter of 150 mm and height of 155 mm. Unlike previous biomimetic TES studies that relied on predefined geometric configurations, this approach developed AI-driven bio-inspired structures within experimentally validated dimensional constraints, ensuring geometric relevance while allowing for broader structural exploration. The resulting designs exhibited key characteristics of high-efficiency bio-inspired configurations while providing a systematic, scalable methodology for TES tank architecture. This study represented the first step in integrating AI-driven biomimicry into TES tank design, establishing a structured framework for generating high-performance, manufacturable configurations. While the current work focused on computational design, future research will emphasize experimental validation and real-world implementation to confirm the practical thermal and structural benefits of these AI-generated bio-inspired designs. By bridging the gap between computational intelligence and nature-inspired engineering, this research provided a scalable pathway for developing more efficient, manufacturable, and sustainable TES solutions for energy storage applications.</subfield>
   </datafield>
   <datafield ind2=" " ind1=" " tag="520">
      <subfield code="a">Funding: This study has received funding from the European Union’s Horizon Europe Research
and Innovation Programme under grant agreement No. 101103552 (SUSHEAT). Views and opinions
expressed are, however, those of the author(s) only and do not necessarily reflect those
of the European Union or CINEA. Neither the European Union nor the granting authority can
be held responsible for them. This work was also partially funded by Ministerio de Ciencia
e Innovación—Agencia Estatal de Investigación (AEI)—NextGeneration EU (TED2021-129462BI00—
MCIN/AEI/10.13039/501100011033/ NextGenerationEU/PRTR, PID2021-123511OB-C31—
MCIN/AEI/10.13039/501100011033/FEDER, UE, and RED2022-134219-T).
Acknowledgments: This work is partially supported by ICREA under the ICREA Academia programme.
The authors would like to thank the Departament de Recerca i Universitats of the Catalan
Government for the quality accreditation given to their research group (2021 SGR 01615). GREiA is
certified agent TECNIO in the category of technology developers from the Government of Catalonia.</subfield>
   </datafield>
   <datafield tag="653" ind2=" " ind1=" ">
      <subfield code="a">Thermal energy storage (TES)</subfield>
   </datafield>
   <datafield tag="653" ind2=" " ind1=" ">
      <subfield code="a">Bio-inspired TES tank</subfield>
   </datafield>
   <datafield tag="653" ind2=" " ind1=" ">
      <subfield code="a">Biomimetics</subfield>
   </datafield>
   <datafield tag="653" ind2=" " ind1=" ">
      <subfield code="a">Genetic algorithm (GA)</subfield>
   </datafield>
   <datafield tag="653" ind2=" " ind1=" ">
      <subfield code="a">Design optimization</subfield>
   </datafield>
   <datafield tag="653" ind2=" " ind1=" ">
      <subfield code="a">Artificial intelligence (AI)</subfield>
   </datafield>
   <datafield ind2="0" ind1="0" tag="245">
      <subfield code="a">Optimizing the design of TES tanks for thermal energy storage applications an integrated biomimetic-genetic algorithm approach</subfield>
   </datafield>
</record></metadata></record></GetRecord></OAI-PMH>